MDQL
is popping MORE tags! Check the
thread
!
Quizzes
Events
Quiz Creation
Community
Videos
Private Events
Remove Ads
Sign In
Join for FREE
Feedback
Dark Mode
Quiz Categories
Sports
Geography
Music
Movies
Television
Just For Fun
Miscellaneous
History
Literature
Language
Science
Gaming
Entertainment
Religion
Holiday
For Kids
Quiz Lab
Recent
Popular Today
Quiz Kudos Today
Editor Picks
Curator Picks
Quizzes by...
Day
Popularity
Type
Ratings
Length
Year
Community
Subscriptions
Recent Discussions
Orange Saloon
Badges
Playlists
Quests
Create
Leaderboards
Showdown
Live 5
Trivia Bingo
Activity
Puzzle Library
Sporcle Events
Private Events
Virtual Trivia
Globe League
Become a Host
Pub Owners
SporcleCon
Opinionation
Our Games
Videos
Blog
Mobile Apps
Partnerships
Remove Ads and Go Orange
Feedback
Sports
Athletes
MLB
NBA
NHL
NFL
Soccer
Sports Teams
WWE
NCAA
Football
Premier League
Basketball
Baseball
Hockey
Golf
Tennis
Cricket
Rugby
Auto Racing
Olympics
World Cup
Sports
Athletes
MLB
NBA
NHL
NFL
Soccer
Sports Teams
WWE
NCAA
Football
Premier League
Basketball
Baseball
Hockey
Golf
Tennis
Cricket
Rugby
Auto Racing
Olympics
World Cup
Random Quiz
Search Sporcle
×
Quiz Lab
Quiz Lab
Sports
Award
Type in answers that appear in a list
Type in answers that appear in a list
Classic
Best Score? Go Orange.
Manchester United Player Of The Year Stats
Can you name every player who was won the Sir Matt Busby Player Of The Year Award?
By
Mimmick
10m
29 Questions
646 Plays
646 Plays
646 Plays
Comments
Comments
Give Quiz Kudos
Give Quiz Kudos
-
- Ratings
hide this ad
Replay
Link that replays current quiz
Next Quiz
Link to next quiz in quiz playlist
You Got
0%
They Got
Avg Score
85%
Avg Friend Score
Upgrade to see
Score Distribution
Jump to the score distribution portion of the page
Score
0/29
Timer
10:00
0
Plays Today
Season
Name
% Correct
2003-
2004
Cristiano Ronaldo
99.2%
2006-
2007
Cristiano Ronaldo
99.2%
2007-
2008
Cristiano Ronaldo
99.2%
1997-
1998
Ryan Giggs
97.1%
2005-
2006
Wayne Rooney
96.7%
2009-
2010
Wayne Rooney
96.7%
2013-
2014
David De Gea
96.1%
2014-
2015
David De Gea
96.1%
2015-
2016
David De Gea
96.1%
2008-
2009
Nemanja Vidić
95.4%
2012-
2013
Robin van Persie
95%
2011-
2012
Antonio Valencia
94.7%
2010-
2011
Javier Hernández
94.1%
1998-
1999
Roy Keane
92.7%
1999-
2000
Roy Keane
92.7%
Season
Name
% Correct
1993-
1994
Eric Cantona
91.5%
1995-
1996
Eric Cantona
91.5%
2001-
2002
Ruud van Nistelrooy
91.3%
2002-
2003
Ruud van Nistelrooy
91.3%
1996-
1997
David Beckham
89%
2004-
2005
Gabriel Heinze
78.6%
1990-
1991
Mark Hughes
73.5%
2000-
2001
Teddy Sheringham
69.7%
1994-
1995
Andrei Kanchelskis
67.5%
1989-
1990
Gary Pallister
61%
1988-
1989
Bryan Robson
60.4%
1992-
1993
Paul Ince
57%
1987-
1988
Brian McClair
56.2%
1991-
1992
Brian McClair
56.2%
Quiz Playlist
Details
Report
Send in Message
Add To Playlist
Classic:
Type in answers that appear in a list
Last Updated: Feb 16, 2017
Quiz Scoreboard
CHALLENGE
Sign Up to Join the Scoreboard
Show All
Scores
Hide
Comments
May contain spoilers
Recently Published
Street Fighter Characters
by Artimus82
Gaming
60s
9x9 Crossword: Cartoon Network
by jackfrog10
Miscellaneous
3m
College Basketball Coaching Resumes
by pancakes188
Sports
9m
More to Explore
Quiz From the Vault
Featured Blog Post
Where Did the Easter Bunny Come From?
hide this ad
You Might Also Like...
Tags
Award
Cristiano Ronaldo
Manchester United
Player of the Year
ronaldo
Rooney
Valencia
Today's Top Quizzes in Sports
Browse Sports
hide this ad
Today's Top Quizzes in Award
Browse Award
Top Contributed Quizzes in Sports
1
2022 World Cup Stars
2
Les meilleurs buteurs des matchs entre le PSG et l’OM
3
FIFA Club World Cup Champions
4
Les entraîneurs de l'OM et du PSG au 21e siècle
5
Criteria MLB: Left Handed Sluggers
6
2023 MLB Unique Player Accomplishments
7
AFC Teams Reveal (Wrong Answers Minefield)
8
Players with Multiple 50 Home Run Seasons
9
5-to-1: FBS Animal Nicknames
10
5-to-1: UK Sports Teams
Explore More
Trending Topics
Crossword
Kpop
Harry Potter
Marvel
NBA
Anime
Disney
Song
WWE
Country
The Office
Puzzle
Pokémon
Soccer
NFL
hide this ad
More By:
Mimmick
Quiz
Plays
Rating
Category
Featured
Created
Manchester United 2016/2017 Squad
811
5.00
Sports
Jul 21, 2016
Manchester United Player Of The Year
646
5.00
Sports
May 6, 2016
Manchester United All Time Appearances
468
5.00
Sports
May 5, 2016
Manchester United Top Goalscorers By Season
458
4.80
Sports
Jun 4, 2016
Manchester United All Time Top Goalscorers
358
5.00
Sports
May 6, 2016
Go to Creator's Profile
Score Distribution
Quiz Creator Spotlight
Mimmick
Follow
Send a Message
Quizzes Created
-
Created Quiz Play Count
-
More By This Creator
Popular Quizzes Today
1
Find the US States - No Outlines Minefield
2
Find the Countries of Europe - No Outlines Minefield
3
The Countries of the World
4
Find the US States
5
Risky Map Clicking: Biggest States A-Z
6
US States
7
Popular People in 1961
8
Movies - When Are They Set?
More Sports Quizzes
NFL MVPs (A to Z)
Quiz Lab
Trending Quizzes
Risky Map Clicking: Least Populous States A-Z
1-10 Letter G Words
Risky Map Clicking: Next State Alphabetically
Adjectives in 80s TV Shows
The Seven Year Switch: Catherine
Recently Updated
Leaping Animals
pecheneg
Reality TV Shows (A-Z)
bhenderson79
Rickey Henderson's Hall of Fame Teammates
pecheneg
Champions League XIs: Arsenal
pecheneg
Quick Pick: Celebrities in WWE's Hall of Fame
aduchscher
A-Z Keypad Blitz II
pecheneg
Multiple Oscar Actors
pecheneg
Mystery Phrase Blitz: Oscar 'Best Actors'
pecheneg
F. Scott Fitzgerald Novels
LTH
Pick 3 Villains
ddd62291
Trending Topics
Harry Potter
Anime
Kpop
Marvel
Crossword
NBA
Disney
WWE
Soccer
Pokémon
Puzzle
NFL
Song
The Office
Country
Your Account Isn't Verified!
In order to create a playlist on Sporcle, you need to verify the email address you used during registration. Go to your
Sporcle Settings
to finish the process.
Report this User
Report this user for behavior that violates our
Community Guidelines
.
Details:
Send Report
Go to the Sporcle.com Mobile Site →
Comments